000 01824nam a2200325 i 4500
999 _c65572
_d65572
001 768714001
003 CO-MdFUSB
005 20200601144536.0
007 ta
008 200330t2003 -us |||| |||| 00| 0 eng d
020 _a9780801026102
040 _aCO-MdFUSB
_bspa
_cCO-MdFUSB
_dCO-MdFUSBC
_erda
041 _aeng
082 _223
_a221.601
_bK13
100 _aKaiser, Walter C.
_eautor
245 1 _aPreaching and teaching from the Old Testament :
_b a guide for the church
_c/ Walter C Kaiser, Jr.
264 1 _aEstados Unidos :
_bBaker Academic,
_c[2003]
264 4 _c© 2003
300 _a222 páginas
_c; 22 cm
336 _2rdacontent
_atexto
_btxt
337 _2rdamedia
_asin mediación
_bn
338 _2rdacarrier
_avolumen
_bnc
505 _aParte 1: La necesidad de predicar y enseñar desde el Antiguo Testamento. -- El valor del Antiguo Testamento para hoy. -- El problema del Antiguo Testamento para hoy. -- La tarea de predicar y enseñar desde el Antiguo Testamento hoy. -- El arte y ciencia de la predicación expositiva. -- Parte 2: Cómo predicar y enseñar desde el Antiguo Testamento. -- Predicando y enseñando textos narrativos del Antiguo Testamento . -- Predicando y enseñando los libros de Sabiduría del Antiguo Testamento. -- Predicando y enseñando a los profetas de el Antiguo Testamento. -- Predicando y enseñando los lamentos del Antiguo Testamento. -- Predicando y enseñando la Torá del Antiguo Testamento. -- Predicando y enseñando alabanzas del Antiguo Testamento - La predicación y la enseñanza del Antiguo Testamento apocalíptico.. -- Conclusión: Cambiando el mundo con la palabra de Dios.
563 _aRústico
630 0 7 _aBiblia.
_pAntiguo Testamento
650 0 _954
_aPredicación
942 _cBK
945 _aJTF-925
_bAEM-53